[Event "AUT-ch Open 2020"]
[Site "Graz"]
[Date "2020.02.18"]
[Round "6.8"]
[White "Paltrinieri, Nicholas"]
[Black "Trippold, Denise"]
[Result "1-0"]
[WhiteElo "2347"]
[BlackElo "2187"]
[Annotator "TA"]
[PlyCount "127"]
[EventDate "2020.02.14"]
[EventType "swiss"]
[EventCountry "AUT"]
[SourceTitle "playchess.com"]
[Source "ChessBase"]
[SourceQuality "1"]

{[%evp 9,127,0,43,0,0,0,0,0,0,-3,0,-29,0,0,0,0,-7,-19,0,0,25,14,40,18,25,22,20,0,18,0,0,-38,16,-13,-8,-26,-7,-12,-4,-48,-10,-13,0,-55,27,-39,-10,-60,20,0,0,-6,54,51,23,-71,-75,-94,-58,-200,-208,-340,-339,-366,-346,-457,-433,-475,-462,-668,-627,-608,-435,-434,-387,-410,-417,-406,-290,-295,-288,-295,-298,-342,-372,-299,-172,-168,0,-245,-222,-222,-32,-113,-166,-462,-462,-526,-525,-410,-197,-146,0,-81,0,0,0,-60,120,113,114,112,105,97,29980,29981,29981,29982,29982,29962]} 1. e4 c5 2. Nc3 e6 3. f4 d5 4. Nf3 dxe4 5. Nxe4 Be7 6. g3 {B21: Sicilian: 2 f4 and Morra Gambit.} Nf6 7. Nf2 Nc6 8. Bg2 {The position is equal.} O-O 9. O-O Qc7 {[#]} 10. c3 $146 ({Predecessor:} 10. b3 b6 11. Bb2 Bb7 12. Ne5 Nd4 13. c3 Nf5 14. Qe2 Rad8 15. Rfe1 Bxg2 16. Kxg2 {1-0 (45) Van Overdam,J (2351)-Martens,M (2413) Belgium 2017}) 10... Rd8 11. Qe2 b6 12. b3 Bb7 13. Bb2 a5 14. a4 Ba6 15. d3 Rab8 16. Rfe1 h6 17. c4 Bb7 18. Rad1 Rbc8 19. h4 Ne8 20. Ng4 Bf8 ({Black should play} 20... Nd6 $15) 21. Bh3 Nd6 22. Ne3 Re8 23. Kh2 Rcd8 24. Qf2 Be7 25. Rf1 Bf8 26. Ne5 (26. Rfe1 $11) 26... Bc8 ({Black should try} 26... Nd4 $15 27. Bxd4 cxd4) 27. Rde1 (27. Nxc6 $11 Qxc6 28. Bg2) 27... Nb4 28. Bc3 Nc6 (28... f6 $15 29. Bxb4 axb4) 29. Re2 Ne7 30. Nc2 Ndf5 (30... f6 $11 31. Nf3 Ndf5) 31. g4 $14 Nd6 32. Qg3 (32. g5 $11 {remains equal.}) 32... f6 $17 33. Nf3 Nf7 34. d4 (34. Nfe1 $15) 34... Ng6 $19 35. Nfe1 (35. Ne5 $142 fxe5 36. dxe5) 35... Bd6 {[%cal Rg6f4]} 36. Nd3 e5 37. Rfe1 {[%cal Rd4e5]} cxd4 38. Nxd4 Bd7 {[%cal Rg6f4]} 39. Nb5 (39. Nf5 $142 exf4 40. Rxe8+ Bxe8 41. Qf2) 39... exf4 40. Rxe8+ Rxe8 41. Rxe8+ Bxe8 42. Qe1 Bxb5 43. axb5 f3+ 44. Kh1 {[#]} a4 $1 {[%mdl 512]} 45. Qe4 (45. bxa4 Qxc4) 45... Nxh4 46. bxa4 Ng5 47. Qd5+ Kh7 (47... Kh8 $142 48. Bf1 Bf8) 48. Bf1 Bh2 $2 (48... Bg3 $1 $19 {And now ...Qc8 would win.} 49. Bd4 Qb8) 49. Be1 $2 (49. Nf2 $11) 49... Bg3 50. Bd2 f2 $2 {[#]} (50... Qe7 $1 $19 {aiming for ...Ne4.} 51. a5 bxa5) 51. a5 $1 {[%mdl 512]} bxa5 $17 {White must now prevent ...Ngf3.} 52. Be3 $2 (52. Nc5) 52... Qe7 $19 53. Bxf2 Bxf2 54. Nxf2 {[#]} Qe1 (54... f5 $142 $1 {[%mdl 512]} 55. Qd3 (55. gxf5 Qe1) 55... Qb7+ 56. Qd5 Qb8 57. gxf5 Nhf3) 55. Qd3+ Kh8 (55... f5 $1 $17 56. Qe2 Qc1 57. gxf5 a4) 56. Qe2 {[#]} (56. Qd8+ $11 {keeps the balance.} Kh7 57. Qd3+ f5 58. Qe2) 56... Qb4 (56... Qc1 $1 $17 {...a4 is the strong threat.} 57. b6 a4) 57. Ne4 $36 {[%mdl 2048] White has good play.} a4 {Hoping for ...Ngf3.} 58. Qd2 (58. Nxg5 $11 hxg5 59. Qe8+ Kh7 60. Bd3+ f5 61. gxf5) 58... Qb3 $2 (58... Qe7 $15 {stays ahead.} 59. Nxg5 hxg5) 59. Qd8+ $16 Kh7 {[#]} 60. Nxg5+ $1 hxg5 61. Qd3+ Kg8 $2 {[%mdl 8192]} (61... Ng6 $16) 62. Qxb3 {White mates.} axb3 63. b6 b2 64. Bd3 {Accuracy: White = 55%, Black = 51%.} 1-0

[Event "AUT-ch Open 2020"]
[Site "Graz"]
[Date "2020.02.18"]
[Round "6.9"]
[White "Sandhoefner, Florian"]
[Black "Kucharska, Honorata"]
[Result "1-0"]
[WhiteElo "2328"]
[BlackElo "2167"]
[Annotator "TA"]
[PlyCount "99"]
[EventDate "2020.02.14"]
[EventType "swiss"]
[EventCountry "AUT"]
[SourceTitle "playchess.com"]
[Source "ChessBase"]
[SourceQuality "1"]

{[%evp 17,99,52,61,35,92,68,78,80,84,60,46,42,80,48,90,54,75,70,64,72,97,82,50,66,61,56,45,36,58,9,16,0,0,-16,-9,-3,18,14,103,85,164,155,184,184,185,168,162,152,217,213,197,193,201,159,160,159,143,143,190,118,231,218,225,219,332,94,95,92,91,94,94,75,75,70,133,127,291,291,281,279,367,367,435,294]} 1. d4 Nf6 2. c4 d6 3. Nc3 Nbd7 4. e4 e5 5. Nf3 g6 6. Be2 Bg7 7. O-O O-O 8. Be3 c6 9. Qc2 Qc7 10. Rfd1 {E94: King's Indian: Classical: 6 Be2 e5 7 0-0: Various Black 7th moves.} b6 {[#]} (10... Ng4 $14) 11. b4 $146 ({Predecessor:} 11. Rac1 a6 12. b4 Bb7 13. c5 dxc5 14. bxc5 bxc5 15. Nxe5 Nxe5 16. dxe5 Qxe5 17. f4 Qe7 {1-0 (29) Amoyal,P (2213)-Salvaing,J (2012) France 2009}) 11... exd4 12. Nxd4 {White is better.} Bb7 13. Rd2 Ne5 14. h3 Qe7 15. Bg5 h6 {[#]} 16. Bh4 $1 a6 17. Rad1 c5 18. bxc5 dxc5 19. Nb3 g5 20. Bg3 Rfe8 21. Bh2 Ng6 {[%cal Rf6e4]} 22. f3 {Threatens to win with Na4.} Nf4 23. Bxf4 gxf4 24. Rd6 Rad8 25. Qd2 {[%cal Rd6d8]} Rxd6 26. Qxd6 Qxd6 (26... Nd5 $5 27. Rxd5 Bxc3 28. Qxb6 Bxd5 29. cxd5 Qh4 $11) 27. Rxd6 Re6 (27... Nh5 $1 $11 {keeps the balance.} 28. Na4 (28. Rxb6 Bxc3 29. Rxb7 Rd8 $11) 28... Ng3) 28. Rd8+ $16 Bf8 (28... Ne8 $16 29. Nd5 Be5) 29. Rb8 $36 {[%mdl 2048] White is in control.} Bc6 30. Rxb6 Bd7 31. Rxe6 Bxe6 32. Nd5 Nxd5 (32... Nh5 $16 33. Na5 Bg7) 33. cxd5 $16 {[%mdl 4096] Endgame KBB-KBN} ({Don't take} 33. exd5 $6 Bf5 $16) 33... Bc8 34. Bc4 Bd6 35. Kf1 f6 36. Nc1 Kf8 37. Nd3 Ke7 {[#]} 38. Kf2 (38. g4 $1 $18) 38... a5 (38... Kd8 $16 39. g3 fxg3+ 40. Kg2 Bd7) 39. g3 $18 fxg3+ 40. Kg2 Be5 (40... h5 {might work better.} 41. h4 Kd8) 41. f4 $2 ({Weaker is} 41. Nxc5 Bd4 $16) (41. Nxe5 $18 {and the rest is easy.} fxe5 42. Kxg3) 41... Bd4 $16 42. Kxg3 Kd6 43. Ne1 Bd7 44. Nf3 Bc3 45. Nh2 Be1+ ({Black should play} 45... h5 $14) 46. Kg2 Bd2 $2 {[#]} (46... Bc3 $16) 47. e5+ $1 $18 {[%mdl 512]} fxe5 48. fxe5+ Ke7 49. d6+ Ke8 {intending ...Bf4.} 50. e6 {Accuracy: White = 73%, Black = 46%.} 1-0

[Event "AUT-ch Open 2020"]
[Site "Graz"]
[Date "2020.02.18"]
[Round "6.9"]
[White "Giannoulakis, Lampros"]
[Black "Gavrilescu, David"]
[Result "1/2-1/2"]
[WhiteElo "2266"]
[BlackElo "2455"]
[Annotator "TA"]
[PlyCount "81"]
[EventDate "2020.02.14"]
[EventType "swiss"]
[EventCountry "AUT"]
[SourceTitle "playchess.com"]
[Source "ChessBase"]
[SourceQuality "1"]

{[%evp 21,81,24,38,35,36,40,45,45,47,43,65,34,52,39,50,47,58,70,72,58,72,73,74,83,69,66,90,86,131,111,90,91,144,125,140,126,127,104,103,104,127,128,120,123,119,110,116,110,131,95,166,161,158,72,83,0,175,177,166,168,140,5]} 1. d4 Nf6 2. c4 e6 3. Nc3 Bb4 4. e3 O-O 5. Bd3 d5 6. Nf3 dxc4 7. Bxc4 c5 8. O-O Bd7 9. Qe2 Bc6 10. Rd1 Qe7 11. a3 Ba5 12. Bd2 {E54: Nimzo-Indian: Rubinstein: Main Line: 7...dxc4 8 Bxc4.} Bxf3 13. Qxf3 Nc6 14. dxc5 {White is slightly better.} Qxc5 15. Bf1 {[#] Hoping for b4.} Qe7 {[#]} 16. Rac1 $146 ({Predecessor:} 16. b4 Bc7 17. g3 Rab8 18. Rac1 Rfd8 19. Qe2 a5 20. Na2 h6 21. Bg2 Ne5 22. Bc3 axb4 23. Rxd8+ Qxd8 {1-0 (28) Kharlamov,V (2487)-Mrkvicka,J (2455) ICCF email 2011}) 16... Rfd8 17. Be1 Bc7 18. g3 Rac8 19. Bg2 Be5 20. Qe2 a6 21. Na4 Rxd1 22. Qxd1 g6 23. Nb6 Rd8 24. Qb3 Qe8 25. Na4 {[%cal Bb6a4,Ba4c5,Bc5d3,Bd3f4][%mdl 32]} Rb8 26. Nc5 Nd8 (26... Nd5 $142) 27. Nd3 Bd6 28. Bc3 Qe7 29. Qa4 Nd7 30. Rd1 f6 31. Nf4 Nf7 32. Qc4 Nf8 33. h4 Rd8 34. Qb3 b5 35. Bh3 {[%cal Rh3e6]} Bc5 (35... f5 $16 {might work better.}) 36. Rxd8 $18 Nxd8 37. Ba5 (37. Nd3 $142) 37... Nc6 $16 38. Bc3 ({White should try} 38. Be1 $16) 38... Kf7 $2 (38... Nd8 $11) 39. Nd5 $1 $18 {[%cal Rd5e7] White is clearly better.} Qd6 40. Nxf6 {[#] Black must now prevent Ne4.} Bxe3 {( -> ...Qxg3+)} 41. Kg2 {Accuracy: White = 79%, Black = 83%.} ({Much weaker is} 41. fxe3 $6 Qxg3+ 42. Bg2 Qxe3+ 43. Kh1 Qc1+ 44. Kh2 Qf4+ 45. Kh3 (45. Kg1 Qe3+ 46. Kh1 Qc1+ 47. Kh2 Qf4+ 48. Kh3 Qe3+ 49. Kh2 Qf4+ $11) 45... Qe3+ 46. Kh2 Qf4+ 47. Kh3 (47. Kg1 Qe3+ 48. Kh2 Qf4+ $11) 47... Qe3+ 48. Kh2 Qf4+ $11) (41. Bg2 $16 Bd4 42. Ne4) 1/2-1/2

[Event "AUT-ch Open 2020"]
[Site "Graz"]
[Date "2020.02.18"]
[Round "6.10"]
[White "Secheres, Adrian-Simion"]
[Black "Shengelia, David"]
[Result "0-1"]
[WhiteElo "2557"]
[BlackElo "2557"]
[Annotator "TA"]
[PlyCount "112"]
[EventDate "2020.02.14"]
[EventType "swiss"]
[EventCountry "AUT"]
[SourceTitle "playchess.com"]
[Source "ChessBase"]
[SourceQuality "1"]

{[%evp 21,112,0,16,0,0,0,-2,-16,38,18,37,8,11,0,0,0,11,-40,11,-7,-6,-13,-7,-1,0,-16,-21,-33,-31,-30,-18,-26,-27,-33,-13,-42,-33,-47,-21,-143,-143,-143,-143,-143,-143,-156,-154,-185,-168,-294,-291,-355,-349,-419,-410,-398,-414,-428,-417,-410,-417,-431,-158,-158,-158,-434,-433,-430,-428,-426,-417,-473,-433,-391,-364,-554,-549,-545,0,-380,-272,-210,-158,-331,-337,-333,-329,-280,-262,-307,-318,-276,-237]} 1. d4 Nf6 2. c4 e6 3. Nc3 Bb4 4. Qc2 O-O 5. Nf3 d6 6. Bd2 b6 7. a3 Bxc3 8. Bxc3 Bb7 9. e3 Ne4 10. Be2 Nd7 11. O-O f5 12. b4 {E21: Nimzo-Indian: 4 Nf3.} Rf6 13. Rfd1 Rh6 {[#]} 14. d5 $146 {The position is equal.} ({Predecessor:} 14. g3 Ndf6 15. Be1 g5 16. h4 Ng4 17. d5 gxh4 18. Nxh4 Rxh4 19. Bxg4 Nxg3 20. fxg3 Rxg4 {½-½ (43) Karman,A (2068)-Kavutskiy,K (2281) Los Angeles 2012}) 14... Nxc3 (14... c5 $11) 15. Qxc3 $14 e5 16. g3 Qe7 17. Bf1 g5 18. Bg2 Rf8 19. Nd2 (19. a4 $11) 19... g4 (19... Bc8 $15) 20. f4 gxf3 21. Nxf3 Nf6 {[%cal Bd7f6,Bf6g4,Bg4e5][%mdl 32]} 22. Rf1 Bc8 23. Ra2 Ng4 24. Qe1 e4 25. Nh4 Qg5 26. Re2 Ne5 $36 {[%mdl 2048] Black has some pressure.} 27. Qc3 Ba6 28. b5 Bc8 29. Kh1 Ng6 30. Qe1 (30. Rg1 $11) 30... Nxh4 $17 31. gxh4 Qxh4 32. Qxh4 Rxh4 33. Ref2 Kg7 34. Rf4 Rxf4 35. Rxf4 $19 {[%mdl 4096] Endgame KRB-KRB} (35. exf4 $142 Kf6 36. Rc1) 35... a6 36. a4 axb5 37. axb5 Bd7 38. Bf1 Ra8 39. Kg1 Kg6 40. Be2 Be8 41. Kf1 Kg5 $2 {[#]} (41... Ra3 $19 42. Kf2 Kg5) 42. Ke1 $17 Ra1+ 43. Kf2 $2 (43. Kd2 $17) 43... Rh1 $19 44. Kg2 Rc1 45. Kf2 Rc3 46. Bf1 h6 47. Be2 Bf7 48. Bf1 (48. h4+ {was called for.} Kf6 49. Bg4 Rc2+ 50. Ke1 Rxc4 51. Rxf5+ Kg6 52. h5+ Kg7 53. Be2 Rc1+ 54. Kf2) 48... Rc2+ 49. Kg3 Rc3 50. Kf2 Bg6 51. Be2 Rc2 {[#] Strongly threatening ...Bh5.} 52. Kf1 $2 (52. h4+ $17 {was forced.} Kf6 53. Ke1) 52... Bh5 {Black has a decisive advantage.} 53. Bxh5 Kxh5 54. Rxf5+ Kg6 55. Rf8 Rxc4 56. Re8 Rb4 {Accuracy: White = 57%, Black = 83%.} 0-1

[Event "AUT-ch Open 2020"]
[Site "Graz"]
[Date "2020.02.18"]
[Round "6.10"]
[White "Cosman, Andreea-Marioara"]
[Black "Rieger, Robert"]
[Result "0-1"]
[WhiteElo "2165"]
[BlackElo "2320"]
[Annotator "TA"]
[PlyCount "112"]
[EventDate "2020.02.14"]
[EventType "swiss"]
[EventCountry "AUT"]
[SourceTitle "playchess.com"]
[Source "ChessBase"]
[SourceQuality "1"]

{[%evp 11,112,1,18,30,20,20,20,17,35,21,24,25,30,-10,0,0,0,0,0,0,-6,0,-5,-7,-9,-14,0,0,0,0,0,0,0,-60,-9,-61,-61,-61,-58,-64,-60,-60,-62,-79,-81,-780,-83,-108,-111,-168,-152,-184,-40,-41,-44,-87,-46,-57,-41,-52,-45,-79,-11,-37,-37,-37,-37,-37,-37,-37,-37,-239,-175,-461,-433,-223,-8,-8,-8,-581,-545,-1081,-1033,-1281,-1502,-1411,-765,-765,-765,-765,-758,-1158,-1151,-1143,-906,-3802,-3716,-6070,-6931,-29970,-29971,-29942,-12220]} 1. d4 e6 2. c4 b6 3. Nc3 Bb7 4. a3 f5 5. Nf3 Nf6 6. d5 Bd6 7. g3 {A40: Unusual replies to 1 d4.} O-O 8. Bg2 Na6 9. b4 {The position is equal.} c6 {[%cal Rc6d5]} 10. dxe6 dxe6 11. O-O Qe7 12. e4 fxe4 13. Ng5 Be5 {[#]} 14. Qc2 $146 ({Predecessor:} 14. Bb2 c5 15. b5 Nc7 16. Qc2 Rad8 17. Ncxe4 Bxe4 18. Nxe4 Bxb2 19. Qxb2 Rd4 20. Qc2 {1-0 (27) Camarena Gimenez,R (2329)-Sanchez Jerez,E (2232) Alcoy 2019}) 14... h6 15. Ngxe4 c5 16. Nxf6+ Bxf6 17. b5 Bxg2 18. Kxg2 Qb7+ 19. f3 Nc7 {[%cal Ba6c7,Bc7e8,Be8d6,Bd6c4][%mdl 32]} 20. Bb2 Bd4 21. Rae1 e5 22. Qg6 (22. a4 $11) 22... Rf6 (22... a6 $15) 23. Qg4 ({White should try} 23. Qc2 $11) 23... Ne8 $1 $15 24. Re2 Nd6 25. Nd5 Rf7 26. Bxd4 cxd4 27. Qe6 Nxc4 {Hoping for ...d3.} 28. Rc2 $2 {[%mdl 8192] [#]} (28. Ne7+ $17 Qxe7 29. Qxc4) 28... Qd7 $2 (28... Qxd5 $1 $19 {[%mdl 512]} 29. Qxd5 Ne3+ {[%mdl 64] Double Attack} 30. Kg1 Nxd5) 29. Qxd7 Rxd7 30. Rxc4 (30. Ne7+ $17 {keeps fighting.} Kf7 31. Rxc4 Rxe7 32. Rc6) 30... Rxd5 $17 {[%mdl 4096] Endgame KRR-KRR} 31. a4 a6 (31... Rc5 $1 $19 {[%cal Rc5c4]} 32. Rxc5 bxc5) 32. bxa6 $15 Rxa6 33. Rb1 Rd6 34. Kf2 Kf7 35. Ke2 Ke6 36. Kd3 Ra8 (36... Kf5 $17) 37. f4 exf4 38. gxf4 Kf5 39. Rbb4 Kxf4 40. Rxd4+ Rxd4+ 41. Rxd4+ $2 {[#] KR-KR} (41. Kxd4 $15 Kg4 42. Kd5+ Kh3 43. Kc6) 41... Kf3 $1 $19 42. Kc3 $2 (42. Rb4 {was the only defense.}) 42... g5 43. Kb4 (43. Rb4 {was worth a try.} h5 44. Kb3) 43... Rg8 $2 (43... h5 $19 {White must now prevent ...h4.} 44. Kb5 Rb8) 44. Rd6 $11 h5 {...Kg2 is the strong threat.} 45. Kb5 $2 {[%mdl 8192] [#]} (45. Rxb6 $11 {and White has nothing to worry.} Kg2 46. h4) 45... g4 $1 $19 46. Kxb6 Rb8+ 47. Kc7 Rb2 48. Rd3+ Ke4 49. Ra3 Rxh2 50. a5 Rf2 51. a6 Rf8 52. a7 h4 53. Ra4+ Kf3 54. Ra3+ Kg2 55. Ra4 Kh3 56. Rf4 Ra8 {Accuracy: White = 45%, Black = 70%.} 0-1

[Event "AUT-ch Open 2020"]
[Site "Graz"]
[Date "2020.02.18"]
[Round "6.11"]
[White "Schoppen, Casper"]
[Black "Szotkowski, Jakub"]
[Result "1-0"]
[WhiteElo "2489"]
[BlackElo "2489"]
[Annotator "TA"]
[PlyCount "79"]
[EventDate "2020.02.14"]
[EventType "swiss"]
[EventCountry "AUT"]
[SourceTitle "playchess.com"]
[Source "ChessBase"]
[SourceQuality "1"]

{[%evp 9,79,-4,14,12,23,24,27,27,27,27,37,31,37,42,60,44,64,64,99,99,99,79,87,87,102,95,104,91,115,107,91,79,122,105,114,110,145,148,166,110,192,116,172,155,222,193,222,215,304,296,291,291,441,437,615,628,777,768,868,838,823,886,1090,1081,1206,1165,1784,1800,1583,1472,29989,29990]} 1. e4 c6 2. Nf3 d5 3. d3 dxe4 4. dxe4 Qxd1+ 5. Kxd1 Bg4 6. Be2 {B10: Caro-Kann: 2 d3 and 2 c4.} Nd7 7. Nbd2 {[%cal Bb1d2,Bd2c4,Bc4e5][%mdl 32]} e6 8. Ne1 {White has an edge.} Bxe2+ 9. Kxe2 Ngf6 10. a4 {[%cal Ba2a4,Ba4a5][%mdl 32] [#]} O-O-O $146 ({Predecessor:} 10... Bd6 11. f3 h5 12. Nd3 O-O-O 13. Nc4 Bc7 14. Be3 Kb8 15. b4 Ne8 16. b5 Nd6 17. Nxd6 Bxd6 18. bxc6 bxc6 {1-0 (48) Hansen,E (2606)-Zhigalko,S (2571) Moscow 2019}) 11. Nd3 Bd6 12. Nc4 Bc7 13. f3 Nb6 {[#]} 14. Nce5 $1 {Threatens to win with a5.} Rhf8 15. a5 $36 {[%mdl 2048] Black is under strong pressure.} Nbd7 16. Nc4 Ne8 17. Be3 a6 18. e5 Rg8 19. f4 f6 20. Raf1 g6 21. g4 Ng7 22. h3 Rgf8 23. Bd4 Rf7 24. Bc3 ({White should try} 24. exf6 $18 Nxf6 25. Nb6+ Kb8 26. Ne5) 24... Re8 {[#]} (24... fxe5 $16 25. fxe5 (25. Ndxe5 Nxe5 26. fxe5 Rdf8 $16) 25... Rdf8) 25. Bb4 ({Better is} 25. exf6 $1 $18 Nxf6 26. Nde5) 25... f5 (25... Rg8 $16 26. Kd2 Ne8) 26. g5 $18 Rh8 (26... Rg8 $16 {was called for.} 27. Rd1 Nh5) 27. h4 h6 28. Rfg1 h5 (28... Nh5 $142 29. Ke3 hxg5) 29. Rd1 Rd8 30. Rd2 Nf8 (30... b5 {is a better defense.}) 31. Bd6 Ne8 (31... Nd7 $142 32. Rhd1 Rg8) 32. Nc5 Bxd6 33. exd6 ({Not} 33. Nxd6+ Nxd6 34. Rxd6 Rh7 $18) 33... Kb8 34. Ne5 Rg7 35. Rhd1 Ka7 36. c4 Ka8 37. Rd3 Rh7 38. d7 Nc7 39. Rb3 Rg7 40. Rxb7 {Accuracy: White = 89%, Black = 42%.} 1-0

[Event "AUT-ch Open 2020"]
[Site "Graz"]
[Date "2020.02.18"]
[Round "6.11"]
[White "Danner, Georg"]
[Black "Dudas, Eszter"]
[Result "1-0"]
[WhiteElo "2295"]
[BlackElo "2164"]
[Annotator "TA"]
[PlyCount "159"]
[EventDate "2020.02.14"]
[EventType "swiss"]
[EventCountry "AUT"]
[SourceTitle "playchess.com"]
[Source "ChessBase"]
[SourceQuality "1"]

{[%evp 11,159,22,35,18,32,26,40,27,85,86,66,10,13,0,0,0,0,14,14,0,5,12,51,33,34,24,25,31,65,66,75,21,18,0,0,0,27,18,18,18,18,13,20,21,25,23,28,0,20,29,42,19,29,29,29,29,29,29,29,0,29,0,48,29,79,68,73,70,125,117,162,96,170,124,137,99,170,166,165,171,175,173,169,171,196,168,179,188,200,212,210,208,285,298,284,298,247,208,304,309,317,312,298,256,295,205,199,194,179,169,218,204,325,270,290,269,262,249,416,393,368,371,625,619,570,566,550,514,775,748,891,804,1089,1013,994,983,930,896,2496,2209,2773,2465,2252,1813,1366,1182,29980,29981,29981,29982]} 1. d4 d5 2. Nf3 Nf6 3. c4 c6 4. e3 e6 5. Nbd2 Nbd7 6. Bd3 c5 7. b3 {has lost popularity (7.0-0). D30: Queen's Gambit Declined: Systems without Nc3.} b6 8. O-O Bb7 9. Bb2 {White is slightly better.} Bd6 (9... cxd4 $11 {keeps the balance.} 10. cxd5 (10. exd4 Be7 $11) (10. Bxd4 Bc5 $11) 10... Bxd5) 10. cxd5 $16 exd5 11. Qe2 (11. dxc5 $14 bxc5 12. e4) 11... O-O $11 12. Rfd1 Qe7 13. Nf1 Ne4 {[#]} 14. Ng3 $146 ({Predecessor:} 14. dxc5 bxc5 15. Bxe4 Qxe4 16. Ng3 Bxg3 17. hxg3 Rac8 18. Rac1 Rfe8 19. Qb5 Rc7 20. b4 Bc6 21. Qa5 Rb7 22. a3 Qg6 23. Ba1 cxb4 24. axb4 Nb6 25. Ne5 {1-0 (27) Timerkhanov,A (2371)-Lesovoi,E (2362) St Petersburg 2018}) 14... f5 15. Ba6 Bc6 16. Nh5 Nef6 17. Nxf6+ Nxf6 18. Rac1 Rad8 19. Bd3 Nd7 20. Qc2 Qe6 21. Qc3 (21. dxc5 $16 bxc5 22. b4) 21... Qh6 22. Re1 Bb7 23. Qc2 Qh5 (23... Nf6 {with more complications.} 24. Ne5 Ne4 25. f3 Rc8 26. Qe2 Ng5) 24. Ne5 Nxe5 25. dxe5 Be7 26. f4 Qg6 27. Qf2 Rc8 28. Red1 Qe6 29. Qg3 Rcd8 30. Rc2 Rc8 31. Rdc1 Rc7 32. Be2 Kh8 33. h3 Rd8 34. Kh2 a5 35. a4 Bc6 36. Rd2 Bb7 37. Rcd1 Rcd7 38. Bf3 Bc6 39. Qf2 Bf8 (39... Rb7 $14) 40. g4 $16 g6 41. Qg2 (41. Qh4 $1 $18) 41... Bg7 (41... Ba8 $16 42. h4 Bc6) 42. Rd3 Bb7 43. Bc3 Bc6 (43... Qf7 $16) 44. Be1 $18 Bf8 45. Bh4 Be7 46. Bxe7 Qxe7 47. g5 $1 ({Worse is} 47. Bxd5 Qh4 $11) 47... Qe6 48. h4 Kg7 49. h5 Kf8 50. Kg3 gxh5 51. Rh1 $1 (51. Bxh5 h6 $11) 51... Rg7 52. Rxh5 h6 53. Kf2 hxg5 54. Rxg5 Qh6 (54... Rdd7 $142 55. Rxg7 Rxg7) 55. Rxg7 ({Weaker is} 55. Rxf5+ Ke7 $16) 55... Qxg7 56. Qh3 Ke7 57. Qxf5 Rg8 {( -> ...Qg1+)} 58. Qf6+ Qxf6 59. exf6+ {[%mdl 4096] Endgame KRB-KRB} Ke6 60. f7 $1 {[%cal Rf7g8]} Rh8 61. Rd1 Kxf7 (61... Rf8 {might work better.} 62. Bh5 Ke7) 62. Bxd5+ Bxd5 63. Rxd5 {KR-KR} Ke6 64. Rg5 Kd6 $2 (64... Kf7 {was called for.} 65. e4 Rh1) 65. Rg6+ Kc7 66. Ke2 Rh2+ $2 {[#]} (66... Rb8 67. f5 b5) 67. Kd3 $1 Rb2 68. Kc3 Re2 69. Re6 Re1 (69... Rf2 $142 70. Kc4 Rf1) 70. f5 Rc1+ 71. Kd3 Rd1+ 72. Kc4 Rc1+ 73. Kd5 Rd1+ 74. Ke4 Rf1 75. f6 Kb7 76. Kd5 Rd1+ 77. Kc4 Kc7 78. Re4 {White wants to mate with f7.} Kd7 79. f7 Rf1 {[#]} 80. Rf4 $1 {Accuracy: White = 84%, Black = 52%.} 1-0

[Event "AUT-ch Open 2020"]
[Site "Graz"]
[Date "2020.02.18"]
[Round "6.12"]
[White "Barp, Alberto"]
[Black "Santiago, Yago De Moura"]
[Result "0-1"]
[WhiteElo "2488"]
[BlackElo "2488"]
[Annotator "TA"]
[PlyCount "104"]
[EventDate "2020.02.14"]
[EventType "swiss"]
[EventCountry "AUT"]
[SourceTitle "playchess.com"]
[Source "ChessBase"]
[SourceQuality "1"]

{[%evp 9,104,11,37,41,42,60,68,67,67,54,67,63,67,61,77,75,85,83,70,76,72,55,104,73,83,37,59,37,44,41,68,75,77,64,157,32,34,25,29,36,110,124,110,110,110,81,110,103,97,81,81,84,117,0,0,-19,-13,-33,-7,-8,-5,-64,31,-101,-104,-131,-149,-145,-75,-132,-104,-184,-150,-133,-164,-144,-131,-391,-384,-387,-374,-624,-628,-584,-532,-656,-643,-715,-710,-1388,-1127,-1821,-1727,-2850,-2435,-5193,-4960]} 1. d4 d5 2. Nf3 Nc6 3. Bf4 Bf5 4. e3 e6 5. a3 f6 6. c4 {D02: 1 d4 d5 2 Nf3 sidelines, including 2...Nf6 3 g3 and 2...Nf6 3 Bf4.} g5 7. Bg3 h5 8. h4 {White is slightly better.} g4 {[#]} 9. Ng1 $146 ({Predecessor:} 9. Nfd2 Bd6 10. cxd5 exd5 11. Bxd6 Qxd6 12. g3 O-O-O 13. Nc3 Re8 14. Nb3 Nh6 15. Qd2 {1-0 (49) Sitnikov,D (2409)-Bochkarev,S (2012) Novokuznetsk 2016}) 9... Bd6 10. cxd5 exd5 11. Ne2 Nge7 12. Nbc3 Qd7 13. Bxd6 Qxd6 14. Ng3 O-O-O 15. Bd3 Bd7 16. Qc2 Kb8 17. O-O-O Rdf8 18. Nce2 f5 19. Qc5 Ng6 20. Qxd6 cxd6 21. Bc2 f4 (21... Nce7 $14) 22. Bxg6 ({White must play} 22. Nxh5 $1 $16 Rxh5 23. Bxg6) 22... fxg3 $14 23. fxg3 Rf2 $1 {[%cal Rf2e2]} 24. Bd3 Rxg2 (24... Na5 $14) 25. Rdg1 $1 $36 {[%cal Rg1g2][%mdl 2048] White has strong initiative.} Rf2 {[#]} 26. Rf1 $1 {[%cal Rf1f2]} Rf3 27. Kd2 Ne7 28. Rhg1 Bf5 29. Nf4 Be4 30. Be2 Rc8 31. Nd3 (31. Bxf3 $16 Rc2+ 32. Kd1 gxf3 33. Rxf3) 31... Rxf1 32. Bxf1 Nf5 33. Ne1 Re8 34. Bb5 Re7 35. Ba4 {[#]} (35. Ng2 $11) 35... Bf3 (35... b5 $1 $15 {[%mdl 512]} 36. Bc2 (36. Bxb5 Rb7) 36... Bxc2 37. Nxc2 Kc7) 36. Nc2 (36. Nxf3 $14 {keeps the upper hand.} gxf3 37. Rf1 Nxe3 38. Rxf3 Nc4+ 39. Kc3) 36... a6 $17 37. Bb3 Ka7 38. Ba2 b5 ({Black should try} 38... a5 39. Bb3 b5) 39. b4 ({White should play} 39. Bb1) 39... Be4 40. Ne1 {[#]} (40. Bb3 $17 {keeps fighting.}) 40... a5 $1 {[%mdl 512]} 41. bxa5 Ka6 42. Bb3 Kxa5 43. Bc2 $2 {[%mdl 8192] [#]} (43. Bd1 $17 {was called for.}) 43... Nxe3 $1 $19 {[%mdl 512]} 44. Kxe3 {aiming for Bxe4.} Bxc2+ {[%mdl 4096] Endgame KRB-KRN} 45. Kf4 $2 (45. Kd2 Be4 46. Rf1) 45... Be4 {Black is clearly winning.} 46. Kg5 Ka4 47. Kxh5 Kxa3 48. Kxg4 b4 {[%cal Bb5b4,Bb4b3,Bb3b2][%mdl 32]} 49. Ng2 b3 50. Nf4 b2 51. Kg5 Rc7 52. Ne2 Rc2 {Accuracy: White = 44%, Black = 71%.} 0-1